| 000 | 00590nam a2200205 a 4500 | ||
|---|---|---|---|
| 005 | 20210219153006.0 | ||
| 008 | 991125n 000 0 spa u | ||
| 035 | _aUPN01000071765 | ||
| 100 | _aCARBALLEA LOPEZ, Mercedes | ||
| 222 | _aEDUCACION (CUBA) | ||
| 245 | _aEl desarrollo de conceptos, hábitos y habilidades en el trabajo con el atlas escolar | ||
| 300 | _a47-54 | ||
| 362 | _a1985 Año 15, no. 56, ene.-mar. | ||
| 653 | 0 | _aCALENDARIO ESCOLAR | |
| 653 | 0 | _aENSEÑANZA | |
| 653 | 0 | _aGEOGRAFIA | |
| 653 | 0 | _aPOLITICA EDUCATIVA | |
| 904 |
_aAC _b009576 |
||
| 905 | _aArticulo | ||
| 999 |
_c65699 _d65699 |
||